000 01845nam a22002177a 4500
005 20240515100142.0
008 240515b ||||| |||| 00| 0 eng d
020 _a9780195314304
020 _a0195314301
040 _aCO-BoUCM
_cDavid Moreno
_dDavid Moreno
041 _aeng
245 1 0 _aPoor women in rich countries
_bthe feminization of poverty over the life course
_cedited by Gertrude Schaffner Goldberg
260 _aOxford
_aNew York
_bOxford University Press
_c2010
300 _axii, 340 Paginas
505 _rRevisiting the feminization of poverty in cross-national perspective / Gertrude Schaffner Goldberg -- Sweden : the feminization of poverty? / Diane Sainsbury and Ann Morissens -- Feminization of poverty in France : a latent issue / Claude Martin -- Germany : poverty as a risk for women deviating from the male breadwinner norm / Ute Klammer -- The United Kingdom : the feminization of poverty? / Jane Millar -- Women's poverty in Canada : cross-currents in an ebbing tide / Patricia Evans -- The Italian case / Enrica Morlicchio and Elena Spinelli -- Feminization of poverty in Japan : a special case? / Kimiko Kimoto and Kumiko Hagiwara -- Feminization of poverty in the United States : any surprises? / Gertrude Schaffner Goldberg -- Summary, synthesis, and conclusions, part 1 : the poverty of lone women, their diversity, and income sources / Gertrude Schaffner Goldberg -- Summary, synthesis, and conclusions, part 2 : government policies for lone women / Gertrude Schaffner Goldberg.
650 1 4 _aMujeres pobres
_vEstudios transculturales
_zPaíses desarrollados
_9180768
650 1 4 _aPobreza
_vEstudios transculturales
_zPaíses desarrollados
_9180769
700 1 _aGoldberg, Gertrude Schaffner
_eeditor
_9180770
942 _2DEWEY
_a6
_cLIBRO
_e1
_h305.48
_mG618p
_n0
999 _c324195
_d324195